El Salvador : de movimiento campesino a revolucion popular / (Record no. 62829)
[ view plain ]
| 000 -LEADER | |
|---|---|
| fixed length control field | 00544cam a2200181 4500 |
| 008 - FIXED-LENGTH DATA ELEMENTS--GENERAL INFORMATION | |
| fixed length control field | 1984 spa |
| 020 ## - INTERNATIONAL STANDARD BOOK NUMBER | |
| International Standard Book Number | 968-496-043-3 |
| 050 #4 - LIBRARY OF CONGRESS CALL NUMBER | |
| Classification number | F1486 |
| Item number | .3 C33 1984 |
| 100 1# - MAIN ENTRY--PERSONAL NAME | |
| Personal name | Cabarrus, Carlos Rafael Cabarrus. |
| 245 #3 - TITLE STATEMENT | |
| Title | El Salvador : de movimiento campesino a revolucion popular / |
| Statement of responsibility, etc | Carlos Rafael Cabarrus. |
| 260 ## - PUBLICATION, DISTRIBUTION, ETC. (IMPRINT) | |
| Place of publication, distribution, etc | México : |
| Name of publisher, distributor, etc | SEP, |
| Date of publication, distribution, etc | 1984 |
| 300 ## - PHYSICAL DESCRIPTION | |
| Extent | 59 p. ; |
| Dimensions | 21 cm. |
| 440 #0 - SERIES STATEMENT/ADDED ENTRY--TITLE | |
| Title | Disertaciones Doctorales ; 2 |
| 500 ## - GENERAL NOTE | |
| General note | 2 ejemplares |
| 942 ## - ADDED ENTRY ELEMENTS (KOHA) | |
| Source of classification or shelving scheme | Biblioteca del Cogreso de los Estados Unidos |
| Koha item type | Libro |
| Estado de pérdida | Fuente de clasificación | Estado del daño | No para préstamo | Ubicación permanente | Ubicación actual | Apartado o colección | Fecha de adquisición | Edición | Dependencia de educación superior (DES) | Área del conocimiento | Clasificación | Código de Barras | Date last seen | Número de copia | Tipo de recurso |
|---|---|---|---|---|---|---|---|---|---|---|---|---|---|---|---|
| Biblioteca del Cogreso de los Estados Unidos | Biblioteca del Instituto de Investigaciones Históricas | Biblioteca del Instituto de Investigaciones Históricas | General | 04/07/2018 | 1a ed. | Humanidades | Ciencias Sociales y Administrativas | F1486 .3 C33 1984 | IIH000022836 | 04/07/2018 | C:1 | Libro | |||
| Biblioteca del Cogreso de los Estados Unidos | Biblioteca del Instituto de Investigaciones Históricas | Biblioteca del Instituto de Investigaciones Históricas | General | 04/07/2018 | 1a ed. | Humanidades | Ciencias Sociales y Administrativas | F1486 .3 C33 1984 | IIH000022837 | 04/07/2018 | C:2 | Libro |